Antioxidants.

Bibliographic Details
Uniform Title:Antioxidants (Basel, Switzerland)
Format: Journal
Language:English
Published: Basel, Switzerland : MDPI AG, [2012]-
Subjects:
Online Availability: Check for online availability

MARC

Tag First Indicator Second Indicator Subfields
LEADER 00000cas a2200000 i 4500
001 in00003774556
005 20160506164047.0
006 m o d
007 cr |||||||||||
008 130702c20129999sz qr poo 0 0eng c
010 |a  2014247540 
035 |a (OCoLC)ocn870683764 
040 |a Nz  |b eng  |e rda  |e pn  |c Z5A  |d OCLCO  |d COD  |d OCLCF  |d NLM  |d OCLCQ  |d TXA 
016 7 |a 101668981  |2 DNLM 
019 |a 863854988 
022 |a 2076-3921  |l 2076-3921  |y 2076-2076 
029 0 |a NZ1  |b 15276895 
029 1 |a AU@  |b 000052555754 
029 1 |a NZ1  |b 15542111 
029 1 |a NZ1  |b 15873248 
035 |a (OCoLC)870683764  |z (OCoLC)863854988 
042 |a pcc 
050 4 |a TP159.A5  |b A577 Electronic 
060 0 0 |a W1 
049 |a TXAM 
130 0 |a Antioxidants (Basel, Switzerland) 
210 1 |a Antioxidants 
222 0 |a Antioxidants 
245 1 0 |a Antioxidants. 
264 1 |a Basel, Switzerland :  |b MDPI AG,  |c [2012]- 
300 |a 1 online resource 
310 |a Quarterly 
336 |a text  |b txt  |2 rdacontent 
337 |a computer  |b c  |2 rdamedia 
338 |a online resource  |b cr  |2 rdacarrier 
362 1 |a Began with: Volume 1, Issue 1 (December 2012). 
515 |a Numbering from contents page. 
588 |a Description based on: Volume 1, Issue 1 (December 2012); title from journal contents screen (MDPI, viewed June 27, 2014). 
588 |a Latest issue consulted: Volume 4, Issue 4 (December 2015) (viewed Oct. 9, 2015). 
650 0 |a Antioxidants  |v Periodicals. 
650 1 2 |a Antioxidants. 
650 7 |a Antioxidants.  |2 fast  |0 (OCoLC)fst00810642 
655 2 |a Periodicals. 
655 7 |a Periodicals.  |2 fast  |0 (OCoLC)fst01411641 
948 |a cataloged  |b h  |c 2016/5/6  |d c  |e spoltoratski  |f 4:40:39 pm  |g sc 
994 |a C0  |b TXA 
999 f f |s ff939d5c-4a2d-3de0-96b4-408b243f02cb  |i 7ee4f071-2d75-3377-afbe-fee06b41ccca  |t 0 
952 f f |a Texas A&M University  |b College Station  |c Electronic Resources  |d Available Online  |t 0  |e TP159.A5 A577  |g Electronic  |h Library of Congress classification 
998 f f |a TP159.A5 A577  |t 0  |l Available Online